Elektronický marketing kultúrnych atraktivít cestovného ruchu na príklade múzeí

Výsledky prieskumu, ktoré potvrdzujú, že využívanie prostriedkov e-marketingu závisí od veľkosti a výnosov múzeí. V múzeách využívajúcich vybrané prostriedky e-marketingu je možné očakávať väčší počet návštevníkov. Nevyužívanie elektronického marketingu v globalizovanom prostredí môže byť konkurenčn...

Ausführliche Beschreibung

Gespeichert in:
Bibliographische Detailangaben
1. Verfasser: Pančíková, Kristína
Weitere Verfasser: Orieška, Ján
Format: Buchkapitel
Sprache:Slowakisch
Schlagworte:
Tags: Tag hinzufügen
Keine Tags, Fügen Sie das erste Tag hinzu!

MARC

LEADER 00000naa a2200000 4500
001 0224246
005 20231016081145.6
041 0 |a slo 
044 |a SK 
245 1 0 |a Elektronický marketing kultúrnych atraktivít cestovného ruchu na príklade múzeí  |c Kristína Pančíková, Ján Orieška 
520 |a Výsledky prieskumu, ktoré potvrdzujú, že využívanie prostriedkov e-marketingu závisí od veľkosti a výnosov múzeí. V múzeách využívajúcich vybrané prostriedky e-marketingu je možné očakávať väčší počet návštevníkov. Nevyužívanie elektronického marketingu v globalizovanom prostredí môže byť konkurenčnou nevýhodou. 
610 2 0 |a marketing elektronický 
610 2 0 |a komunikácia marketingová 
610 2 0 |a stránky webové 
610 2 0 |a siete sociálne 
610 2 0 |a múzeá 
610 2 0 |a kultúra 
610 2 0 |a ruch cestovný 
610 2 0 |a prieskum 
610 2 0 |a Slovensko 
100 1 |a Pančíková, Kristína 
700 1 |a Orieška, Ján